Защита линии на высоковольтном потенциале проводов; Современные техника и технологии; Т. 1
| Parent link: | Современные техника и технологии: сборник трудов XXI международной научной конференции студентов, аспирантов и молодых ученых, Томск, 5-9 октября 2015 г./ Национальный исследовательский Томский политехнический университет (ТПУ).— , 2015 Т. 1.— [С. 192-196] |
|---|---|
| Hovedforfatter: | |
| Institution som forfatter: | |
| Andre forfattere: | |
| Summary: | Заглавие с титульного экрана |
| Sprog: | russisk |
| Udgivet: |
|
| Serier: | Устойчивая энергетика |
| Fag: | |
| Online adgang: | http://earchive.tpu.ru/handle/11683/22138 http://www.lib.tpu.ru/fulltext/c/2015/C01/V1/060.pdf |
| Format: | MixedMaterials Electronisk Book Chapter |
| KOHA link: | https://koha.lib.tpu.ru/cgi-bin/koha/opac-detail.pl?biblionumber=615102 |
MARC
| LEADER | 00000naa2a2200000 4500 | ||
|---|---|---|---|
| 001 | 615102 | ||
| 005 | 20231101132836.0 | ||
| 035 | |a (RuTPU)RU\TPU\conf\13301 | ||
| 035 | |a RU\TPU\conf\13299 | ||
| 090 | |a 615102 | ||
| 100 | |a 20151026d2015 k y0rusy50 ca | ||
| 101 | 0 | |a rus | |
| 102 | |a RU | ||
| 105 | |a y z 101zy | ||
| 135 | |a drgn ---uucaa | ||
| 181 | 0 | |a i | |
| 182 | 0 | |a b | |
| 200 | 1 | |a Защита линии на высоковольтном потенциале проводов |d Line protection on wires high-voltage potential |f А. В. Шмойлов, В. А. Корнев |g науч. рук. А. В. Шмойлов | |
| 203 | |a Текст |c электронный | ||
| 225 | 1 | |a Устойчивая энергетика | |
| 230 | |a 1 компьютерный файл (pdf; 396 Kb) | ||
| 300 | |a Заглавие с титульного экрана | ||
| 320 | |a [Библиогр.: с. 196 (4 назв.)] | ||
| 337 | |a Adobe Reader | ||
| 461 | 1 | |0 (RuTPU)RU\TPU\conf\13102 |t Современные техника и технологии |o сборник трудов XXI международной научной конференции студентов, аспирантов и молодых ученых, Томск, 5-9 октября 2015 г. |o в 2 т. |f Национальный исследовательский Томский политехнический университет (ТПУ) |d 2015 | |
| 463 | 0 | |0 (RuTPU)RU\TPU\conf\13104 |t Т. 1 |f под ред. А. А. Сивкова [и др.] |v [С. 192-196] | |
| 510 | 1 | |a Line protection on wires high-voltage potential |z eng | |
| 610 | 1 | |a труды учёных ТПУ | |
| 610 | 1 | |a электронный ресурс | |
| 610 | 1 | |a защита | |
| 610 | 1 | |a высоковольтные линии | |
| 610 | 1 | |a провода | |
| 610 | 1 | |a дифференциально-фазная защита | |
| 700 | 1 | |a Шмойлов |b А. В. |c специалист в области электроэнергетики |c доцент Томского политехнического университета, кандидат технических наук |f 1939- |g Анатолий Васильевич |2 stltpush |3 (RuTPU)RU\TPU\pers\26025 | |
| 701 | 1 | |a Корнев |b В. А. |c специалист в области электроэнергетики |c инженер Томского политехнического университета |f 1991- |g Василий Александрович |2 stltpush |3 (RuTPU)RU\TPU\pers\33476 | |
| 702 | 1 | |a Шмойлов |b А. В. |c специалист в области электроэнергетики |c доцент Томского политехнического университета, кандидат технических наук |f 1939- |g Анатолий Васильевич |2 stltpush |4 727 | |
| 712 | 0 | 2 | |a Национальный исследовательский Томский политехнический университет (ТПУ) |b Энергетический институт (ЭНИН) |b Кафедра электроэнергетических систем (ЭЭС) |h 6980 |2 stltpush |3 (RuTPU)RU\TPU\col\18675 |
| 801 | 2 | |a RU |b 63413507 |c 20210119 |g RCR | |
| 856 | 4 | |u http://earchive.tpu.ru/handle/11683/22138 | |
| 856 | 4 | |u http://www.lib.tpu.ru/fulltext/c/2015/C01/V1/060.pdf | |
| 942 | |c BK | ||